<?xml version="1.0" encoding="UTF-8"?>
<record
    xmlns:xsi="http://www.w3.org/2001/XMLSchema-instance"
    xsi:schemaLocation="http://www.loc.gov/MARC21/slim http://www.loc.gov/standards/marcxml/schema/MARC21slim.xsd"
    xmlns="http://www.loc.gov/MARC21/slim">

  <leader>03351nam a2200325 a 4500</leader>
  <controlfield tag="003">OSt</controlfield>
  <controlfield tag="005">20250922131657.0</controlfield>
  <controlfield tag="007">cr ||||||a|a|a</controlfield>
  <controlfield tag="008">250818s2025    mx a|||fom||| 001 0 spa d</controlfield>
  <datafield tag="040" ind1=" " ind2=" ">
    <subfield code="e">rda</subfield>
  </datafield>
  <datafield tag="100" ind1="1" ind2=" ">
    <subfield code="a">Padilla V&#xE1;squez, Nelson Mario</subfield>
    <subfield code="9">190956</subfield>
  </datafield>
  <datafield tag="245" ind1="1" ind2="0">
    <subfield code="a">Flor&#xED;stica y potencial ornamental de las plantas vasculares de un bosque de Pino-Encino en la Regi&#xF3;n Valles Centrales, Oaxaca /</subfield>
    <subfield code="c">por  Nelson Mario Padilla V&#xE1;squez; director de tesis Jorge Alberio Guti&#xE9;rrez Gallegos; secretario  Edna Fabiola Valdez Hernandez; vocal Alejandra Sahag&#xFA;n Garc&#xED;a; suplente Jos&#xE9; Merced Mej&#xED;a Mu&#xF1;oz; suplente Isaura Escalante Vargas.</subfield>
  </datafield>
  <datafield tag="264" ind1=" " ind2="1">
    <subfield code="a">Chapingo, M&#xE9;xico :</subfield>
    <subfield code="b">El autor,</subfield>
    <subfield code="c">2025.</subfield>
  </datafield>
  <datafield tag="300" ind1=" " ind2=" ">
    <subfield code="a">1 recurso en l&#xED;nea (151 p&#xE1;ginas):</subfield>
    <subfield code="b">cuadros, figuras.</subfield>
  </datafield>
  <datafield tag="336" ind1=" " ind2=" ">
    <subfield code="2">rdacontent</subfield>
    <subfield code="a">texto</subfield>
    <subfield code="b">txt</subfield>
  </datafield>
  <datafield tag="337" ind1=" " ind2=" ">
    <subfield code="2">rdamedia</subfield>
    <subfield code="a">computadora</subfield>
    <subfield code="b">c</subfield>
  </datafield>
  <datafield tag="338" ind1=" " ind2=" ">
    <subfield code="2">rdacarrier</subfield>
    <subfield code="a">recurso en l&#xED;nea</subfield>
    <subfield code="b">cr</subfield>
  </datafield>
  <datafield tag="502" ind1=" " ind2=" ">
    <subfield code="b">IAEF</subfield>
    <subfield code="c">Fitotecnia</subfield>
    <subfield code="d">2025.</subfield>
    <subfield code="g">LIC</subfield>
  </datafield>
  <datafield tag="504" ind1=" " ind2=" ">
    <subfield code="a">Incluye referencias bibliogr&#xE1;ficas:57-73 p&#xE1;ginas .</subfield>
  </datafield>
  <datafield tag="520" ind1=" " ind2=" ">
    <subfield code="a">Se presenta un estudio flor&#xED;stico de los bosques de pino-encino en los municipios de San Antonino el Alto y San Bernardo Mixtepec, Oaxaca. La exploraci&#xF3;n en campo y la recolecta bot&#xE1;nica permiti&#xF3; catalogar 398 especies incluidas en 278 g&#xE9;neros y 97 familias. Se registraron tres especies de gimnospermas, 25 de monilophytas y 370 angiospermas. Las familias mejor representadas en el nivel espec&#xED;fico fueron Asteraceae, Fabaceae, Orchidaceae y Poaceae respectivamente. Salvia, Solanum Archibaccharis y Quercus resultaron ser los g&#xE9;neros con mayor riqueza. Las herb&#xE1;ceas fueron las m&#xE1;s numerosas (81 %), arbustos (13 %) y arb&#xF3;reo (5 %). El mayor n&#xFA;mero de especies (54 %) tienen su distribuci&#xF3;n geogr&#xE1;fica en Megam&#xE9;xico, 153 tienen distribuci&#xF3;n continental y 28 son de amplia distribuci&#xF3;n en el mundo. Destacan diez especies restringidas al estado de Oaxaca. Se estima que la riqueza flor&#xED;stica a&#xFA;n est&#xE1; lejos de ser completamente conocida y faltar&#xED;an por recolectarse dos terceras partes de las reportadas. La similitud flor&#xED;stica se eval&#xFA;o a partir de un an&#xE1;lisis fen&#xE9;tico en el nivel gen&#xE9;rico con otros bosques del pa&#xED;s, los resultados revelan que los bosques aqu&#xED; estudiados se relacionan con otros de Sinaloa, Hidalgo y Chiapas. Tambi&#xE9;n, destacan 90 especies con alto potencial ornamental, 303 presentan potencial medio y dos &#xFA;nicamente potencial bajo. Con base en los resultados se concluye que los bosques de San Antonino el Alto y San Bernardo Mixtepec presenta una alta riqueza y endemismos que a&#xFA;n est&#xE1; lejos de conocerse; su flora tiene un alto potencial ornamental y representa una oportunidad relevante para el aprovechamiento, mejoramiento y conservaci&#xF3;n de los recursos fitogen&#xE9;ticos.</subfield>
  </datafield>
  <datafield tag="650" ind1=" " ind2="4">
    <subfield code="a">Flora</subfield>
    <subfield code="x">Identificaci&#xF3;n</subfield>
    <subfield code="z">Oaxaca</subfield>
    <subfield code="9">126310</subfield>
  </datafield>
  <datafield tag="650" ind1=" " ind2="4">
    <subfield code="a">Flora</subfield>
    <subfield code="x">Distribuci&#xF3;n</subfield>
    <subfield code="z">Oaxaca</subfield>
    <subfield code="9">133450</subfield>
  </datafield>
  <datafield tag="700" ind1="1" ind2=" ">
    <subfield code="a">Guti&#xE9;rrez Gallegos, Jorge Alberto</subfield>
    <subfield code="9">187677</subfield>
    <subfield code="e">director.</subfield>
  </datafield>
  <datafield tag="700" ind1="1" ind2=" ">
    <subfield code="a">Valdez Hern&#xE1;ndez, Edna Fabiola</subfield>
    <subfield code="9">117278</subfield>
    <subfield code="e">secretario.</subfield>
  </datafield>
  <datafield tag="700" ind1="1" ind2=" ">
    <subfield code="a">Sahag&#xFA;n Garc&#xED;a, Alejandra</subfield>
    <subfield code="9">185953</subfield>
    <subfield code="e">vocal.</subfield>
  </datafield>
  <datafield tag="700" ind1="1" ind2=" ">
    <subfield code="a">Mej&#xED;a Mu&#xF1;oz, Jos&#xE9; Merced</subfield>
    <subfield code="9">74277</subfield>
    <subfield code="e">suplente.</subfield>
  </datafield>
  <datafield tag="700" ind1="1" ind2=" ">
    <subfield code="a">Escalante Vargas, Isaura</subfield>
    <subfield code="9">191065</subfield>
    <subfield code="e">suplente.</subfield>
  </datafield>
  <datafield tag="856" ind1=" " ind2=" ">
    <subfield code="u">http://10.13.5.2/tesis/tl/1611807-1_PADILLA_VASQUEZ_NELSONMARIO.pdf</subfield>
    <subfield code="z">DESCARGAR PDF</subfield>
  </datafield>
  <datafield tag="942" ind1=" " ind2=" ">
    <subfield code="2">Clasificaci&#xF3;n Universidad Aut&#xF3;noma Chapingo</subfield>
    <subfield code="c">TD</subfield>
  </datafield>
  <datafield tag="999" ind1=" " ind2=" ">
    <subfield code="c">220829</subfield>
    <subfield code="d">220829</subfield>
  </datafield>
  <datafield tag="952" ind1=" " ind2=" ">
    <subfield code="0">0</subfield>
    <subfield code="1">0</subfield>
    <subfield code="2">local</subfield>
    <subfield code="4">0</subfield>
    <subfield code="5">1</subfield>
    <subfield code="7">0</subfield>
    <subfield code="8">TesDigL</subfield>
    <subfield code="a">BD</subfield>
    <subfield code="b">BD</subfield>
    <subfield code="c">E_L</subfield>
    <subfield code="d">2025-08-18</subfield>
    <subfield code="l">0</subfield>
    <subfield code="o">Tesis digital</subfield>
    <subfield code="r">2025-08-18 15:47:35</subfield>
    <subfield code="w">2025-08-18</subfield>
    <subfield code="y">TD</subfield>
  </datafield>
</record>
